ბათუმის შოთა რუსთაველის სახელმწიფო უნივერსიტეტის ბიბლიოთეკა

წარმატების ფაქტორი:წ.4 (ბიბ.ჩანაწერი № 41874)

000 -LEADER
fixed length control field 01109nam a2200229Ia 4500
001 - CONTROL NUMBER
control field 8557
003 - CONTROL NUMBER IDENTIFIER
control field GE_BSU
008 - FIXED-LENGTH DATA ELEMENTS--GENERAL INFORMATION
fixed length control field 181216s||||||||xx |||||||||||||| ||und||
040 ## - CATALOGING SOURCE
Transcribing agency GE_BSU
080 ## - UNIVERSAL DECIMAL CLASSIFICATION NUMBER
Universal Decimal Classification number 929(479.22)+61+37+008+338+796.5+69
100 ## - MAIN ENTRY--PERSONAL NAME
Personal name კინწურაშვილი,ლეილა. იდეის ავტ.
245 ## - TITLE STATEMENT
Title წარმატების ფაქტორი:წ.4
245 ## - TITLE STATEMENT
Remainder of title ჯანმრთელობა,განათლება,კულტურა,მოდა,დიზაინი,ბიზნესი,მშენებლობა,ტურიზმი.
245 ## - TITLE STATEMENT
Statement of responsibility, etc. დიზ:რევაზ თხილაიშვილი.
260 ## - PUBLICATION, DISTRIBUTION, ETC.
Place of publication, distribution, etc. თბილისი.
260 ## - PUBLICATION, DISTRIBUTION, ETC.
Name of publisher, distributor, etc. [გ.გ.]
260 ## - PUBLICATION, DISTRIBUTION, ETC.
Date of publication, distribution, etc. 2013.
300 ## - PHYSICAL DESCRIPTION
Extent 173გვ;ილ;29სმ.
653 ## - INDEX TERM--UNCONTROLLED
Uncontrolled term წარმატების ფაქტორი.
653 ## - INDEX TERM--UNCONTROLLED
Uncontrolled term ჯანმრთელობა,განათლება,კულტურა,მოდა,დიზაინი,ბიზნესი,მშენებლობა,ტურიზმი.
942 ## - ADDED ENTRY ELEMENTS (KOHA)
Koha item type წიგნი
ეგზემპლარები
Withdrawn status Lost status Damaged status Not for loan Date acquired Barcode Date last seen Price effective from Koha item type
        2018-12-17 30885 2018-12-17 2018-12-17 წიგნი